MDQL
is popping MORE tags! Check the
thread
!
Quizzes
Events
Quiz Creation
Community
Videos
Private Events
Remove Ads
Sign In
Join for FREE
Feedback
Dark Mode
Quiz Categories
Sports
Geography
Music
Movies
Television
Just For Fun
Miscellaneous
History
Literature
Language
Science
Gaming
Entertainment
Religion
Holiday
For Kids
Quiz Lab
Recent
Popular Today
Quiz Kudos Today
Editor Picks
Curator Picks
Quizzes by...
Day
Popularity
Type
Ratings
Length
Year
Community
Subscriptions
Recent Discussions
Orange Saloon
Badges
Playlists
Quests
Create
Leaderboards
Showdown
Live 5
Trivia Bingo
Activity
Puzzle Library
Sporcle Events
Private Events
Virtual Trivia
Globe League
Become a Host
Pub Owners
SporcleCon
Opinionation
Our Games
Videos
Blog
Mobile Apps
Partnerships
Remove Ads and Go Orange
Feedback
History
US Presidents
World Leaders
Politics
Nation
Discovery
War
Decade
Year
Century
Biography
Art
History
US Presidents
World Leaders
Politics
Nation
Discovery
War
Decade
Year
Century
Biography
Art
Random Quiz
Search Sporcle
×
Quiz Lab
Quiz Lab
History
crisis
Type in answers that appear in a list
Type in answers that appear in a list
Classic
Best Score? Go Orange.
Mid-Tudor Crisis Key Events Stats
Can you name the Mid-Tudor Crisis Key Events?
By
levhums
3m
21 Questions
181 Plays
181 Plays
181 Plays
Comments
Comments
Give Quiz Kudos
Give Quiz Kudos
-
- Ratings
hide this ad
Forced Order
Answers have to be entered in order
Answers have to be entered in order
Random Order
Randomize order of answers
Randomize order of answers
Replay
Link that replays current quiz
Next Quiz
Link to next quiz in quiz playlist
You Got
0%
They Got
Avg Score
69%
Avg Friend Score
Upgrade to see
Score Distribution
Jump to the score distribution portion of the page
Score
0/21
Timer
03:00
0
Plays Today
Name the Year
% Correct
Lady Jane Grey Plot
1553
82.3%
Wyatt's Rebellion
1554
80.1%
2nd Book of Common Prayer
1552
77.3%
Kett's Rebellion
1549
75.1%
2nd Act of Edwardian Uniformity
1552
74%
First Marian Burning
1555
74%
1st Book of Common Prayer
1548
72.9%
Pilgrimage of Grace begins
1536
72.9%
1st Act of Edwardian Uniformity
1549
71.8%
1st Marian Act of Repeal
1553
70.7%
Dissolution of the Smaller Monasteries
1536
68.5%
Name the Year
% Correct
2nd Marian Act of Repeal
1554
68.5%
The worst harvest of the period
1556
68.5%
Reginald Pole returns
1554
67.4%
Elizabethan Settlement
1559
66.3%
Rebellion of the Northern Earls
1569
65.2%
Act of the 6 Articles
1539
64.6%
Cromwell Executed
1540
60.8%
Anne Askew Executed
1546
59.7%
The 10 Articles
1536
59.1%
Somerset's Vagrancy Act
1546
58.6%
Quiz Playlist
Details
Report
Send in Message
Add To Playlist
Classic:
Type in answers that appear in a list
Forced Order:
Answers have to be entered in order
Random Order:
Randomize order of answers
Last Updated: Feb 16, 2017
Quiz Scoreboard
CHALLENGE
Sign Up to Join the Scoreboard
Show All
Scores
Hide
Comments
May contain spoilers
Recently Published
5x2 Blitz: Bands
by SL_Kpop136
Music
30s
Colored Red Africa Blitz
by spor1
Geography
30s
Find the 'City' Movie
by crazypaving
Movies
60s
More to Explore
Quiz From the Vault
Featured Blog Post
14 Easter Pick-up Lines to Find Eggs With
hide this ad
You Might Also Like...
Tags
crisis
Event
Key
Today's Top Quizzes in History
Browse History
hide this ad
Top Contributed Quizzes in History
1
Popular People in 1991
2
US National Parks Named After People
3
Popular People in 1981
4
Popular People in 1951
5
Popular People in 1941
6
Complete a popular quote - Maya Angelou
7
Order Up: 1000 Years of World Events I
8
Popular People in 1986
9
Popular People in 1936
10
Popular People in 1926
Explore More
Trending Topics
Harry Potter
NBA
Kpop
Marvel
Disney
Anime
Crossword
WWE
Soccer
Puzzle
NFL
Country
Song
Pokémon
The Office
hide this ad
More By:
levhums
Quiz
Plays
Rating
Category
Featured
Created
Mid Tudor Crisis 1534 - 69 Events Timeline
957
History
Jan 6, 2012
Key dates in Transformation of Surgery 1845-1918
733
History
Jan 17, 2012
Public Health Key Events
606
3.00
History
May 14, 2012
Terms of the Treaty of Versailles 1919
396
1.00
History
Jan 17, 2012
134 Tudor Rebellion Nuggets
357
History
May 31, 2013
Go to Creator's Profile
Score Distribution
Quiz Creator Spotlight
levhums
Follow
Send a Message
Quizzes Created
-
Created Quiz Play Count
-
More By This Creator
Popular Quizzes Today
1
Find the 'City' Movie
2
5x2 Blitz: Bands
3
Colored Red Africa Blitz
4
The Countries of the World
5
Find the US States - No Outlines Minefield
6
Find the US States
7
9x9 Crossword: Cartoon Network
8
US States
More History Quizzes
Britain at War Crossword
Editor's Pick
Trending Quizzes
Colored Red Africa Blitz II
Colored Red Europe Blitz I
Colored Red Africa Blitz III
Colored Red Europe Blitz II
Colored Red Europe Blitz III
Recently Updated
Champions League XIs: Real Madrid
pecheneg
Largest US Cities 1790-2010
pecheneg
Rides in Walt Disney World
pecheneg
Most Oscar Losses (Acting)
pecheneg
Beyoncé Albums
pecheneg
Leaping Animals
pecheneg
Reality TV Shows (A-Z)
bhenderson79
Rickey Henderson's Hall of Fame Teammates
pecheneg
Champions League XIs: Arsenal
pecheneg
Quick Pick: Celebrities in WWE's Hall of Fame
aduchscher
Trending Topics
Anime
Harry Potter
Marvel
Kpop
Disney
Crossword
NBA
Country
The Office
Soccer
WWE
Song
Pokémon
Puzzle
NFL
Your Account Isn't Verified!
In order to create a playlist on Sporcle, you need to verify the email address you used during registration. Go to your
Sporcle Settings
to finish the process.
Report this User
Report this user for behavior that violates our
Community Guidelines
.
Details:
Send Report
Go to the Sporcle.com Mobile Site →
Comments